[Event "SVK-chT1E 2122"]
[Site "Slovakia"]
[Date "2022.04.24"]
[Round "9.4"]
[White "Serbin, Rastislav"]
[Black "Antal, Jakub"]
[Result "0-1"]
[WhiteElo "1881"]
[BlackElo "1896"]
[PlyCount "132"]
[EventDate "2022.01.29"]
[EventType "team-tourn"]
[EventRounds "11"]
[EventCountry "SVK"]
[SourceTitle "EXT 2023"]
[Source "ChessBase"]
[SourceDate "2022.10.05"]
[SourceVersion "1"]
[SourceVersionDate "2022.10.05"]
[SourceQuality "1"]
[WhiteTeam "Humenne Reinter II"]
[BlackTeam "Kosice Slavia TU"]
[WhiteTeamCountry "SVK"]
[BlackTeamCountry "SVK"]

1. d4 Nf6 2. c4 c5 3. d5 b5 4. cxb5 a6 5. bxa6 g6 6. Nc3 Bxa6 7. e4 Bxf1 8. Kxf1 d6 9. Nf3 Bg7 10. h3 0-0 11. Kg1 Nbd7 12. Kh2 Qb6 13. Re1 Rfb8 14. Re2 Ne8 15. Rc2 Nc7 16. Qe2 Nb5 17. Bg5 Kf8 18. Qd2 Ne5 19. Nxb5 Nxf3+ 20. gxf3 Qxb5 21. Bh6 Qb4 22. Bxg7+ Kxg7 23. Qc3+ Kg8 24. b3 Qxc3 25. Rxc3 Ra3 26. e5 Rba8 27. exd6 exd6 28. Rc2 Rxb3 29. axb3 Rxa1 30. Rd2 Ra3 31. Rb2 Kg7 32. Kg3 g5 33. b4 cxb4 34. Rxb4 Rd3 35. Rb5 h5 36. Kg2 Kf6 37. f4 gxf4 38. Ra5 h4 39. f3 Rd2+ 40. Kf1 Rd3 41. Kf2 Rd2+ 42. Kg1 Ke5 43. Ra7 Kd4 44. Rxf7 Ke3 45. Rh7 Kxf3 46. Rxh4 Rxd5 47. Rg4 Rd1+ 48. Kh2 Rd2+ 49. Kh1 Rd5 50. Kh2 Rh5 51. Rg8 d5 52. Rd8 Kf2 53. Ra8 d4 54. Rd8 Ke3 55. Re8+ Kd3 56. Kg2 Rh4 57. Rd8 Ke3 58. Re8+ Kd2 59. Rd8 d3 60. Kf3 Rxh3+ 61. Kxf4 Ke1 62. Re8+ Kd1 63. Rd8 d2 64. Kg4 Re3 65. Kf4 Ke2 66. Rd7 Re8 0-1

[Event "SVK-chT2D 1516"]
[Site "Slovakia"]
[Date "2016.03.12"]
[Round "10.4"]
[White "Serbin, Rastislav"]
[Black "Vrabel, Michal"]
[Result "0-1"]
[WhiteElo "1941"]
[BlackElo "2062"]
[PlyCount "134"]
[EventDate "2015.10.17"]
[EventType "team-tourn"]
[EventRounds "11"]
[EventCountry "SVK"]
[SourceTitle "EXT 2017"]
[Source "ChessBase"]
[SourceDate "2016.10.25"]
[SourceVersion "1"]
[SourceVersionDate "2016.10.25"]
[SourceQuality "1"]
[WhiteTeam "Kosice Slavia IV"]
[BlackTeam "Presov Slavia"]
[WhiteTeamCountry "SVK"]
[BlackTeamCountry "SVK"]

1. d4 d5 2. c4 c6 3. Nc3 Nf6 4. Bg5 Nbd7 5. e3 e6 6. cxd5 exd5 7. Bd3 Be7 8. Qc2 0-0 9. Nge2 Re8 10. f3 Nf8 11. 0-0 c5 12. Rad1 c4 13. Bf5 h6 14. Bh4 g6 15. Bxc8 Rxc8 16. e4 dxe4 17. fxe4 Nxe4 18. Bxe7 Qxe7 19. Nd5 Qd6 20. Nec3 Nd7 21. Qc1 Nxc3 22. Nxc3 Kg7 23. Nb5 Qb6 24. a4 Re4 25. Qc2 f5 26. Qf2 Nf6 27. Qg3 Rg4 28. Qd6 Qxd6 29. Nxd6 Rd8 30. h3 Rh4 31. Nxb7 Rdxd4 32. Na5 Rxd1 33. Rxd1 c3 34. bxc3 Rxa4 35. Nc6 Rc4 36. Nxa7 Rxc3 37. Nb5 Rc2 38. Ra1 Ne4 39. Nd4 Rb2 40. g4 fxg4 41. Rf1 h5 42. Ne6+ Kh6 43. h4 Rb6 44. Nc7 g5 45. Nd5 Ra6 46. Nc7 Rf6 47. Re1 Ng3 48. Nd5 Rd6 49. hxg5+ Kxg5 50. Re5+ Kh4 51. Nf4 Rf6 52. Ng2+ Kh3 53. Re1 h4 54. Ne3 Re6 55. Kf2 Rf6+ 56. Kg1 Re6 57. Kf2 Ra6 58. Nd5 Ra2+ 59. Ke3 Nh5 60. Rf1 g3 61. Rf5 Kg4 62. Rf8 Ra5 63. Kd4 Rxd5+ 64. Kxd5 g2 65. Ra8 h3 66. Rg8+ Kf3 67. Rf8+ Kg3 0-1

[Event "SVK-chT2D 1516"]
[Site "Slovakia"]
[Date "2015.12.05"]
[Round "5.4"]
[White "Milder, Ladislav"]
[Black "Serbin, Rastislav"]
[Result "1/2-1/2"]
[WhiteElo "2046"]
[BlackElo "1941"]
[PlyCount "21"]
[EventDate "2015.10.17"]
[EventType "team-tourn"]
[EventRounds "11"]
[EventCountry "SVK"]
[SourceTitle "CBM 170 Extra"]
[Source "ChessBase"]
[SourceDate "2016.02.25"]
[SourceVersion "1"]
[SourceVersionDate "2016.02.25"]
[SourceQuality "1"]
[WhiteTeam "Kosice Slavia UPJS III"]
[BlackTeam "Kosice Slavia IV"]
[WhiteTeamCountry "SVK"]
[BlackTeamCountry "SVK"]

1. e4 e6 2. d4 d5 3. Nd2 Nf6 4. exd5 exd5 5. Ngf3 Bd6 6. Be2 Nc6 7. 0-0 Bg4 8. c3 0-0 9. Qc2 Re8 10. Bd3 Qd7 11. b3 1/2-1/2

[Event "SVK-chT2D 14/15"]
[Site "Slovakia"]
[Date "2015.02.01"]
[Round "7.2"]
[White "Serbin, Rastislav"]
[Black "Sepesi, Samuel"]
[Result "0-1"]
[WhiteElo "2026"]
[BlackElo "2019"]
[PlyCount "60"]
[EventDate "2014.10.11"]
[EventType "team-tourn"]
[EventRounds "11"]
[EventCountry "SVK"]
[SourceTitle "EXT 2019"]
[Source "ChessBase"]
[SourceDate "2018.10.10"]
[SourceVersion "1"]
[SourceVersionDate "2018.10.10"]
[SourceQuality "1"]
[WhiteTeam "Kosice Slavia TU IV"]
[BlackTeam "Kosice 1 CC"]
[WhiteTeamCountry "SVK"]
[BlackTeamCountry "SVK"]

1. d4 Nf6 2. Nf3 g6 3. g3 Bg7 4. Bg2 0-0 5. 0-0 d6 6. c4 c6 7. Nc3 Qa5 8. Qb3 Nbd7 9. e4 e5 10. d5 Nc5 11. Qc2 cxd5 12. cxd5 b5 13. Be3 b4 14. Ne2 Nfxe4 15. Nxe5 Bxe5 16. Bxe4 Nxe4 17. Qxe4 Bf5 18. Qf3 Bxb2 19. Nd4 Bd3 20. Rfd1 Bxa1 21. Rxa1 f5 22. Nc6 Qc7 23. Bd4 Be4 24. Qe3 Rae8 25. Re1 Qf7 26. f3 Qxd5 27. Qh6 Rf7 28. Qe3 Qxc6 29. Rc1 Qd5 30. fxe4 Qxe4 0-1

[Event "Humenne Reinter op"]
[Site "Humenne"]
[Date "2015.??.??"]
[Round "3"]
[White "Minda, Bohus"]
[Black "Serbin, Rastislav"]
[Result "0-1"]
[WhiteElo "1759"]
[BlackElo "2027"]
[PlyCount "69"]
[EventDate "2015.06.12"]
[EventType "swiss"]
[EventRounds "7"]
[EventCountry "SVK"]
[SourceTitle "CBM 167 Extra"]
[Source "ChessBase"]
[SourceDate "2015.09.14"]
[SourceVersion "1"]
[SourceVersionDate "2015.09.14"]
[SourceQuality "1"]

1. e4 e6 2. d4 d5 3. Nd2 Nf6 4. e5 Nfd7 5. f4 c5 6. Ngf3 Nc6 7. c3 cxd4 8. cxd4 Qb6 9. Nb3 f6 10. Be2 Be7 11. a3 a5 12. Qd3 a4 13. Nbd2 0-0 14. Nf1 Rf7 15. f5 Nf8 16. fxe6 Nxe6 17. Ne3 Nf4 18. Qd1 fxe5 19. dxe5 Be6 20. g3 Nxe2 21. Qxe2 d4 22. Nc4 Qc5 23. Ncd2 Raf8 24. Ne4 Qd5 25. Bf4 Rxf4 26. gxf4 Rxf4 27. Ned2 Bg4 28. Rf1 Bh4+ 29. Kd1 Nxe5 30. Rc1 d3 31. Qe3 Bxf3+ 32. Nxf3 Rxf3 33. Rc8+ Kf7 34. Rxf3+ Qxf3+ 35. Qxf3+ 0-1

[Event "Humenne Reinter op"]
[Site "Humenne"]
[Date "2015.??.??"]
[Round "5"]
[White "Serbin, Rastislav"]
[Black "Kornucik, Jan"]
[Result "1/2-1/2"]
[WhiteElo "2027"]
[BlackElo "1960"]
[PlyCount "186"]
[EventDate "2015.06.12"]
[EventType "swiss"]
[EventRounds "7"]
[EventCountry "SVK"]
[SourceTitle "CBM 167 Extra"]
[Source "ChessBase"]
[SourceDate "2015.09.14"]
[SourceVersion "1"]
[SourceVersionDate "2015.09.14"]
[SourceQuality "1"]

1. d4 Nf6 2. c4 g6 3. Nc3 Bg7 4. e4 d6 5. Nge2 0-0 6. f3 c5 7. Be3 cxd4 8. Nxd4 Nc6 9. Qd2 Nxd4 10. Bxd4 Bd7 11. Be2 Bc6 12. 0-0 e6 13. Rad1 a6 14. Be3 Ne8 15. Kh1 Qa5 16. Bd4 Nf6 17. b3 Rfd8 18. Bxf6 Bxf6 19. Nd5 Qxd2 20. Nxf6+ Kg7 21. Nh5+ gxh5 22. Rxd2 Rd7 23. Rfd1 Rad8 24. Kg1 Kf6 25. Kf2 h4 26. Ke3 Ke7 27. f4 f5 28. exf5 exf5 29. Bf3 Kf6 30. Kf2 Bxf3 31. Kxf3 Ke6 32. Re1+ Kf6 33. Rde2 d5 34. Re6+ Kf7 35. cxd5 Rxd5 36. Re7+ Kg8 37. Rxb7 Rd2 38. Re2 R8d3+ 39. Kf2 Rd4 40. g3 hxg3+ 41. hxg3 R4d3 42. Rbe7 Rxe2+ 43. Rxe2 Kf7 44. Rc2 Ke7 45. Kg2 Kd6 46. Kh3 Kd5 47. Rc4 Rd4 48. Rxd4+ Kxd4 49. Kh4 a5 50. Kg5 Ke4 51. a3 Kf3 52. Kxf5 Kxg3 53. b4 axb4 54. axb4 h5 55. b5 h4 56. b6 h3 57. b7 h2 58. b8Q h1Q 59. Qg8+ Kf2 60. Qa2+ Ke3 61. Qe6+ Kd2 62. Qd6+ Ke3 63. Qe5+ Kd3 64. Ke6 Qc6+ 65. Kf5 Qc8+ 66. Kg5 Qg8+ 67. Kh4 Qh7+ 68. Kg4 Qg8+ 69. Qg5 Qc4 70. Qg6+ Ke3 71. Qe8+ Kf2 72. Kg5 Kf3 73. Qh5+ Ke3 74. f5 Qd5 75. Qg6 Kd4 76. Kh6 Ke5 77. f6 Kd6 78. Kg7 Qd4 79. Kg8 Qc4+ 80. f7+ Ke7 81. Qg5+ Kd7 82. Qf5+ Ke7 83. Qe5+ Kd7 84. Qe8+ Kd6 85. Qf8+ Kd7 86. Kh7 Qe4+ 87. Kh8 Qh4+ 88. Kg8 Qg5+ 89. Qg7 Qd5 90. Qg6 Ke7 91. Qh7 Qg2+ 92. Qg7 Qd5 93. Qg6 Qa8+ 1/2-1/2

[Event "SVK-chT2D 14/15"]
[Site "Slovakia"]
[Date "2014.11.08"]
[Round "3.1"]
[White "Serbin, Rastislav"]
[Black "Mrva, Vladimir"]
[Result "0-1"]
[WhiteElo "2026"]
[BlackElo "2142"]
[PlyCount "114"]
[EventDate "2014.10.11"]
[EventType "team-tourn"]
[EventRounds "11"]
[EventCountry "SVK"]
[SourceTitle "EXT 2019"]
[Source "ChessBase"]
[SourceDate "2018.10.10"]
[SourceVersion "1"]
[SourceVersionDate "2018.10.10"]
[SourceQuality "1"]
[WhiteTeam "Kosice Slavia TU IV"]
[BlackTeam "Sabinov II"]
[WhiteTeamCountry "SVK"]
[BlackTeamCountry "SVK"]

1. d4 Nf6 2. c4 e6 3. Nc3 Bb4 4. f3 d5 5. a3 Bxc3+ 6. bxc3 c6 7. cxd5 exd5 8. Qc2 0-0 9. e3 Re8 10. Bd3 Nbd7 11. Ne2 c5 12. 0-0 c4 13. Bf5 g6 14. Bxd7 Bxd7 15. Ng3 h5 16. e4 h4 17. Bg5 hxg3 18. e5 gxh2+ 19. Kh1 Bf5 20. Qd2 Re6 21. g4 Bd3 22. Rf2 Qb6 23. Bxf6 Rxf6 24. exf6 Qxf6 25. Qh6 Re8 26. Qxh2 Kg7 27. Kg2 Rh8 28. Qe5 Qxe5 29. dxe5 Re8 30. Re1 Kf8 31. g5 Ke7 32. Rb2 b6 33. Kg3 Ke6 34. Rh2 Rd8 35. Rh4 Rd7 36. Rh8 d4 37. cxd4 Rxd4 38. Rc8 Rd7 39. Rc6+ Kd5 40. Rf6 c3 41. Rd6+ Rxd6 42. exd6 Bf5 43. d7 Bxd7 44. Rd1+ Kc6 45. Rc1 Be6 46. Rxc3+ Kb5 47. Kf4 Ka4 48. Ke5 a5 49. Kd6 b5 50. Re3 b4 51. axb4 axb4 52. Kc5 b3 53. Re4+ Ka3 54. Re3 Ka2 55. Kb4 b2 56. Ra3+ Kb1 57. Re3 Ka1 0-1

[Event "SVK-chT2D 14/15"]
[Site "Slovakia"]
[Date "2014.10.11"]
[Round "1.2"]
[White "Konak, Jan"]
[Black "Serbin, Rastislav"]
[Result "1/2-1/2"]
[WhiteElo "2132"]
[BlackElo "2026"]
[PlyCount "80"]
[EventDate "2014.10.11"]
[EventType "team-tourn"]
[EventRounds "11"]
[EventCountry "SVK"]
[SourceTitle "EXT 2019"]
[Source "ChessBase"]
[SourceDate "2018.10.10"]
[SourceVersion "1"]
[SourceVersionDate "2018.10.10"]
[SourceQuality "1"]
[WhiteTeam "Spisska Nova Ves"]
[BlackTeam "Kosice Slavia TU IV"]
[WhiteTeamCountry "SVK"]
[BlackTeamCountry "SVK"]

1. d4 Nf6 2. c4 g6 3. Nf3 Bg7 4. g3 c5 5. d5 b5 6. cxb5 a6 7. bxa6 Bxa6 8. Bg2 d6 9. 0-0 0-0 10. Nc3 Nbd7 11. Qc2 Qc7 12. h3 Rfb8 13. Rd1 Nb6 14. Rb1 Bc4 15. b3 Nfxd5 16. Nxd5 Bxd5 17. e4 Bc6 18. Be3 Nd7 19. Nd2 Qa5 20. a4 Qc3 21. Qa2 Ne5 22. Rdc1 Qb4 23. Qc2 Bd7 24. Bf1 Qb7 25. Bg2 Qc8 26. g4 Rb4 27. Nf3 Nc6 28. Bd2 Rb6 29. Bc3 Rab8 30. Bxg7 Kxg7 31. Qc3+ Kg8 32. e5 Be6 33. exd6 exd6 34. Qd2 Bxb3 35. Qxd6 Nd4 36. Qe5 Nxf3+ 37. Bxf3 Re6 38. Qc3 Bxa4 39. Rxb8 Qxb8 40. Qxc5 Qe8 1/2-1/2

[Event "SVK-chT 1314"]
[Site "Slovakia"]
[Date "2014.03.08"]
[Round "7.5"]
[White "Serbin, Rastislav"]
[Black "Sedlacek, Pavol"]
[Result "0-1"]
[WhiteElo "1969"]
[BlackElo "2231"]
[PlyCount "68"]
[EventDate "2013.11.09"]
[EventType "team-tourn"]
[EventRounds "11"]
[EventCountry "SVK"]
[SourceTitle "EXT 2015"]
[Source "ChessBase"]
[SourceDate "2014.11.20"]
[SourceVersion "1"]
[SourceVersionDate "2014.11.20"]
[SourceQuality "1"]
[WhiteTeam "Kosice Slavia TU"]
[BlackTeam "Cadca"]
[WhiteTeamCountry "SVK"]
[BlackTeamCountry "SVK"]

1. d4 Nf6 2. c4 c6 3. Nc3 d5 4. Bg5 e6 5. cxd5 cxd5 6. e3 Be7 7. Bd3 0-0 8. Nf3 a6 9. 0-0 b5 10. Rc1 Bb7 11. Ne5 Nbd7 12. f4 Nb6 13. Rf3 Ne4 14. Bxe7 Qxe7 15. Bxe4 dxe4 16. Rh3 g6 17. Qg4 Kg7 18. Rf1 f5 19. Qg3 Rac8 20. Rh4 Nc4 21. Qh3 Rh8 22. Nxc4 Rxc4 23. a3 b4 24. axb4 Qxb4 25. Nd1 Rc1 26. Qg3 a5 27. Qe1 Ba6 28. Qxb4 axb4 29. Re1 Rhc8 30. d5 exd5 31. g4 R8c2 32. gxf5 Be2 33. fxg6 hxg6 34. f5 Rxd1 0-1

[Event "SVK-chT2D 1314"]
[Site "Slovakia"]
[Date "2013.11.24"]
[Round "4.5"]
[White "Serbin, Rastislav"]
[Black "Zrost, Rudolf"]
[Result "1-0"]
[WhiteElo "1969"]
[BlackElo "1972"]
[PlyCount "73"]
[EventDate "2013.10.19"]
[EventType "team-tourn"]
[EventRounds "11"]
[EventCountry "SVK"]
[SourceTitle "EXT 2015"]
[Source "ChessBase"]
[SourceDate "2014.11.20"]
[SourceVersion "1"]
[SourceVersionDate "2014.11.20"]
[SourceQuality "1"]
[WhiteTeam "Kosice Slavia TU IV"]
[BlackTeam "Spisska Nova Ves"]
[WhiteTeamCountry "SVK"]
[BlackTeamCountry "SVK"]

1. d4 Nf6 2. c4 g6 3. Nc3 Bg7 4. e4 d6 5. Nge2 0-0 6. f3 e5 7. d5 c6 8. Be3 cxd5 9. cxd5 a6 10. g4 b5 11. Ng3 Nbd7 12. Qd2 Nb6 13. h4 b4 14. Nd1 Bd7 15. h5 Bb5 16. Bh6 Bxf1 17. Bxg7 Kxg7 18. hxg6 fxg6 19. Qh6+ Kf7 20. Kxf1 Rh8 21. Kg2 Rc8 22. Rc1 Rxc1 23. Qxc1 Qd7 24. g5 Ne8 25. Qd2 a5 26. Ne3 Nc7 27. Ng4 Kg7 28. Nf6 Qb5 29. Rc1 Na6 30. Ng4 Rf8 31. Rc6 Nc5 32. Qd1 Nbd7 33. Qh1 Qd3 34. Qh6+ Kg8 35. Nf6+ Nxf6 36. gxf6 Qd2+ 37. Qxd2 1-0

[Event "SVK-chT2D 1213"]
[Site "Slovakia"]
[Date "2013.03.17"]
[Round "11.5"]
[White "Serbin, Rastislav"]
[Black "Turzak, Milan1"]
[Result "1-0"]
[WhiteElo "1981"]
[BlackElo "1902"]
[PlyCount "100"]
[EventDate "2012.10.13"]
[EventType "team-tourn"]
[EventRounds "11"]
[EventCountry "SVK"]
[SourceTitle "EXT 2015"]
[Source "ChessBase"]
[SourceDate "2014.11.20"]
[SourceVersion "1"]
[SourceVersionDate "2014.11.20"]
[SourceQuality "1"]
[WhiteTeam "Kosice Slavia TU IV"]
[BlackTeam "Gelnica Slovan"]
[WhiteTeamCountry "SVK"]
[BlackTeamCountry "SVK"]

1. d4 Nf6 2. c4 e5 3. dxe5 Ng4 4. Bf4 Bb4+ 5. Nc3 Qe7 6. Nf3 Nc6 7. Qd5 Bxc3+ 8. bxc3 f6 9. exf6 Nxf6 10. Qd3 d6 11. g3 Ne4 12. Qe3 Na5 13. Ng5 Nxg5 14. Qxe7+ Kxe7 15. Bxg5+ Kf7 16. c5 dxc5 17. Bf4 c6 18. Be3 b6 19. Bg2 Bb7 20. Rb1 Rad8 21. Bf4 Rhe8 22. Be3 Rd7 23. Rd1 Rxd1+ 24. Kxd1 Nc4 25. Bc1 Ne5 26. h3 Ba6 27. f4 Ng6 28. Re1 Bb5 29. e4 Rd8+ 30. Kc2 Rd3 31. Re3 c4 32. Rxd3 cxd3+ 33. Kd2 c5 34. e5 c4 35. Bd5+ Ke8 36. Ke3 Ne7 37. Be4 g6 38. g4 Bc6 39. Kd4 Bxe4 40. Kxe4 Nc6 41. Kd5 Na5 42. Kd4 b5 43. f5 Kf7 44. Ke4 Nb7 45. Bg5 Nc5+ 46. Kd5 Na4 47. e6+ Ke8 48. f6 a5 49. f7+ Kf8 50. Bh6+ Ke7 1-0

[Event "SVK-chT 1213"]
[Site "Slovakia"]
[Date "2013.03.02"]
[Round "10.5"]
[White "Csonka, Attila Istvan"]
[Black "Serbin, Rastislav"]
[Result "1-0"]
[WhiteElo "2425"]
[BlackElo "1981"]
[PlyCount "67"]
[EventDate "2012.10.27"]
[EventType "team-tourn"]
[EventRounds "11"]
[EventCountry "SVK"]
[SourceTitle "EXT 2014"]
[Source "ChessBase"]
[SourceDate "2013.11.20"]
[SourceVersion "1"]
[SourceVersionDate "2013.11.20"]
[SourceQuality "1"]
[WhiteTeam "Dunajska Streda"]
[BlackTeam "Kosice Slavia"]
[WhiteTeamCountry "SVK"]
[BlackTeamCountry "SVK"]

1. e4 e6 2. d4 d5 3. Nd2 Nf6 4. e5 Nfd7 5. Bd3 c5 6. c3 Nc6 7. Ne2 cxd4 8. cxd4 f6 9. exf6 Nxf6 10. Nf3 Bd6 11. 0-0 0-0 12. Bd2 Bd7 13. Ng3 Qb6 14. Bc3 Rac8 15. Re1 Bf4 16. Ne5 Bxe5 17. dxe5 Ne4 18. Bxe4 Rxf2 19. Kh1 Be8 20. Qg4 Rc7 21. Bd3 d4 22. Qxe6+ Bf7 23. Qh3 g6 24. e6 Be8 25. Ne4 dxc3 26. Nxf2 cxb2 27. Rab1 Qxf2 28. Rf1 Qd4 29. Qf3 Qg7 30. Rxb2 Ne5 31. Qd5 Nxd3 32. e7+ Qf7 33. Rxf7 Rc1+ 34. Rf1+ 1-0

[Event "SVK-chT2D 1213"]
[Site "Slovakia"]
[Date "2013.02.17"]
[Round "9.4"]
[White "Serbin, Rastislav"]
[Black "Jacko, Vladimir1"]
[Result "0-1"]
[WhiteElo "1981"]
[BlackElo "2333"]
[PlyCount "110"]
[EventDate "2012.10.13"]
[EventType "team-tourn"]
[EventRounds "11"]
[EventCountry "SVK"]
[SourceTitle "EXT 2015"]
[Source "ChessBase"]
[SourceDate "2014.11.20"]
[SourceVersion "1"]
[SourceVersionDate "2014.11.20"]
[SourceQuality "1"]
[WhiteTeam "Kosice Slavia TU IV"]
[BlackTeam "Prakovce"]
[WhiteTeamCountry "SVK"]
[BlackTeamCountry "SVK"]

1. d4 c5 2. d5 g6 3. e4 Bg7 4. Nc3 d6 5. Be3 Nf6 6. f3 a6 7. a4 Nbd7 8. Nge2 Ne5 9. Ng3 h5 10. Be2 Qa5 11. 0-0 h4 12. Nh1 Qc7 13. Nf2 Rb8 14. f4 Ned7 15. Qd2 Nh5 16. Rae1 Qb6 17. Nd3 Qc7 18. f5 c4 19. Nf2 b5 20. fxg6 fxg6 21. axb5 axb5 22. Nh3 Ne5 23. Bxh5 Rxh5 24. Nf4 Rh8 25. Ne6 Bxe6 26. dxe6 Qc8 27. Nd5 Rb7 28. Qa5 Nc6 29. Qa6 Nd8 30. Nf4 g5 31. Ng6 Rh5 32. Rf5 Qxe6 33. Bb6 Qd7 34. Bxd8 Kxd8 35. Rf7 Bd4+ 36. Kh1 Ra7 37. Rf8+ Kc7 38. Qxa7+ Bxa7 39. Rf7 Kb6 40. Nxe7 Kc5 41. Rf5+ Kb6 42. Nd5+ Kc6 43. Ref1 h3 44. Nb4+ Kb6 45. Nd5+ Ka6 46. Ra1+ Kb7 47. Nf6 hxg2+ 48. Kxg2 Qc6 49. Nd5 Rh7 50. Nc3 Bc5 51. Rf8 Qd7 52. Rf5 g4 53. Nd5 Qe6 54. Nf6 Rf7 55. Raf1 Bd4 0-1

[Event "SVK-chT2D 1112"]
[Site "Slovakia"]
[Date "2012.02.25"]
[Round "10.4"]
[White "Ducay, Miroslav"]
[Black "Serbin, Rastislav"]
[Result "1-0"]
[WhiteElo "2013"]
[BlackElo "1940"]
[PlyCount "119"]
[EventDate "2011.10.08"]
[EventType "team-tourn"]
[EventRounds "11"]
[EventCountry "SVK"]
[SourceTitle "EXT 2013"]
[Source "ChessBase"]
[SourceDate "2012.11.22"]
[SourceVersion "1"]
[SourceVersionDate "2012.11.22"]
[SourceQuality "1"]
[WhiteTeam "Presov Tatran Dason"]
[BlackTeam "Kosice Slavia TU IV"]
[WhiteTeamCountry "SVK"]
[BlackTeamCountry "SVK"]

1. e4 e6 2. d4 d5 3. exd5 exd5 4. Nc3 c6 5. Bd3 Bd6 6. Nf3 Ne7 7. h3 Bf5 8. 0-0 0-0 9. Bg5 f6 10. Be3 Nd7 11. Re1 Qc7 12. Nh4 Bxd3 13. Qxd3 Rae8 14. Re2 Nb6 15. Rae1 Qd7 16. b3 g5 17. Nf3 Ng6 18. Nh2 Kg7 19. Bc1 Bf4 20. Rxe8 Rxe8 21. Rxe8 Qxe8 22. Qe2 Qxe2 23. Nxe2 Bxc1 24. Nxc1 h5 25. Nd3 Nd7 26. Kf1 f5 27. Ke2 Kf6 28. g3 b6 29. Nb4 Ne7 30. c4 dxc4 31. bxc4 a5 32. Nd3 b5 33. Nb2 Nb6 34. Kd3 g4 35. hxg4 fxg4 36. Nf1 Nf5 37. Nd2 Ke6 38. Nb3 bxc4+ 39. Nxc4 Nxc4 40. Kxc4 a4 41. Nc5+ Kd6 42. Nxa4 h4 43. gxh4 Nxh4 44. Nc3 Nf5 45. Ne4+ Kc7 46. Kc5 Nh6 47. Nf6 Kb7 48. a4 Kc7 49. a5 Kb7 50. a6+ Kxa6 51. Kxc6 Nf5 52. d5 g3 53. fxg3 Nxg3 54. d6 Nf5 55. d7 Ne7+ 56. Kd6 Nf5+ 57. Ke5 Ne7 58. Kd6 Nf5+ 59. Kd5 Ne7+ 60. Kc5 1-0

[Event "SVK-chT2D 1112"]
[Site "Slovakia"]
[Date "2012.01.28"]
[Round "8.5"]
[White "Nemergut, Matej"]
[Black "Serbin, Rastislav"]
[Result "1-0"]
[WhiteElo "1920"]
[BlackElo "1940"]
[PlyCount "57"]
[EventDate "2011.10.08"]
[EventType "team-tourn"]
[EventRounds "11"]
[EventCountry "SVK"]
[SourceTitle "EXT 2013"]
[Source "ChessBase"]
[SourceDate "2012.11.22"]
[SourceVersion "1"]
[SourceVersionDate "2012.11.22"]
[SourceQuality "1"]
[WhiteTeam "Stara Lubovna"]
[BlackTeam "Kosice Slavia TU IV"]
[WhiteTeamCountry "SVK"]
[BlackTeamCountry "SVK"]

1. e4 e6 2. d4 d5 3. e5 c5 4. c3 Nc6 5. Nf3 cxd4 6. cxd4 f6 7. Bb5 Qa5+ 8. Nc3 Bb4 9. Bd2 Bd7 10. 0-0 Nge7 11. a3 Bxc3 12. Bxc6 Bxd2 13. Bxd7+ Kxd7 14. Nxd2 fxe5 15. Nb3 Qb6 16. Nc5+ Kd8 17. Re1 e4 18. Re3 Qc6 19. Rc1 Rc8 20. Rec3 b6 21. Nxe4 Qd7 22. Ng5 Rxc3 23. Rxc3 Nf5 24. Nf3 Rf8 25. Ne5 Qb7 26. Qa4 Ne7 27. Qb4 Rf6 28. Qd6+ Ke8 29. Rc7 1-0

[Event "Krakow op-B 22nd"]
[Site "Krakow"]
[Date "2012.01.02"]
[Round "6"]
[White "Muhtarov, Leonid"]
[Black "Serbin, Rastislav"]
[Result "1-0"]
[WhiteElo "2093"]
[BlackElo "1952"]
[PlyCount "26"]
[EventDate "2011.12.27"]
[EventType "swiss"]
[EventRounds "9"]
[EventCountry "POL"]
[SourceTitle "CBM 146 Extra"]
[Source "ChessBase"]
[SourceDate "2012.02.29"]
[SourceVersion "1"]
[SourceVersionDate "2012.02.29"]
[SourceQuality "1"]

1. Nf3 d5 2. g3 c5 3. Bg2 Nc6 4. d3 e5 5. 0-0 f6 6. Nbd2 Be6 7. e4 d4 8. Nh4 g5 9. Nf5 h5 10. f4 gxf4 11. gxf4 Qd7 12. fxe5 Nxe5 13. Nf3 0-0-0 1-0

[Event "Krakow op-B 22nd"]
[Site "Krakow"]
[Date "2011.12.30"]
[Round "4"]
[White "Serbin, Rastislav"]
[Black "Jasiak, Filip"]
[Result "0-1"]
[WhiteElo "1952"]
[BlackElo "1802"]
[PlyCount "58"]
[EventDate "2011.12.27"]
[EventType "swiss"]
[EventRounds "9"]
[EventCountry "POL"]
[SourceTitle "CBM 146 Extra"]
[Source "ChessBase"]
[SourceDate "2012.02.29"]
[SourceVersion "1"]
[SourceVersionDate "2012.02.29"]
[SourceQuality "1"]

1. Nf3 d5 2. c4 c6 3. d4 g6 4. Bf4 Bg7 5. e3 Nf6 6. Nc3 0-0 7. Rc1 a6 8. h3 e6 9. Bd3 Re8 10. 0-0 Nbd7 11. a3 Nh5 12. Bd6 dxc4 13. Bxc4 Nb6 14. Ne4 f5 15. Nfd2 fxe4 16. Nxe4 Nxc4 17. Rxc4 Nf6 18. Nxf6+ Bxf6 19. Bh2 Bd7 20. f4 Rc8 21. Rb4 b5 22. Qc1 Qb6 23. Qd2 Red8 24. Rc1 c5 25. dxc5 Rxc5 26. Rxc5 Qxc5 27. Kh1 Bc6 28. Qe2 Qc1+ 29. Bg1 Rd2 0-1

[Event "SVK-chT2D 1112"]
[Site "Slovakia"]
[Date "2011.11.05"]
[Round "3.3"]
[White "Serbin, Rastislav"]
[Black "Marvanyi, Milan"]
[Result "1-0"]
[WhiteElo "1940"]
[BlackElo "1823"]
[PlyCount "115"]
[EventDate "2011.10.08"]
[EventType "team-tourn"]
[EventRounds "11"]
[EventCountry "SVK"]
[SourceTitle "EXT 2013"]
[Source "ChessBase"]
[SourceDate "2012.11.22"]
[SourceVersion "1"]
[SourceVersionDate "2012.11.22"]
[SourceQuality "1"]
[WhiteTeam "Kosice Slavia TU IV"]
[BlackTeam "Presov Tatran"]
[WhiteTeamCountry "SVK"]
[BlackTeamCountry "SVK"]

1. d4 d5 2. c4 e6 3. Nc3 Nf6 4. Nf3 Be7 5. Bg5 Nbd7 6. e3 0-0 7. Rc1 c5 8. Bd3 dxc4 9. Bxc4 cxd4 10. exd4 Nb6 11. Bd3 Nbd5 12. 0-0 Nxc3 13. Rxc3 Bd7 14. Qc2 h6 15. Bxf6 Bxf6 16. Be4 Rb8 17. Rd1 b6 18. h3 Rc8 19. Rc1 Rxc3 20. Qxc3 Qc8 21. Qc7 Rd8 22. Ne5 Bxe5 23. dxe5 a5 24. Rc2 Qxc7 25. Rxc7 Be8 26. Kf1 g6 27. Ke2 Kf8 28. a3 b5 29. Ra7 a4 30. Ra8 Rxa8 31. Bxa8 Ke7 32. Kd2 Kd7 33. Kc3 Kc7 34. Kb4 Kb6 35. f4 Bd7 36. b3 axb3 37. Kxb3 Kc5 38. Kc3 Be8 39. g4 Bd7 40. h4 Be8 41. Be4 Bd7 42. Bb7 Kb6 43. Be4 Kc5 44. Bc2 Be8 45. Bb3 Bd7 46. Ba2 Be8 47. Kd3 Kc6 48. Ke4 Bd7 49. Bb3 Kc5 50. Ke3 Be8 51. f5 exf5 52. gxf5 gxf5 53. Kf4 Bc6 54. Bxf7 b4 55. axb4+ Kxb4 56. Kxf5 Kc5 57. Kg6 Kd4 58. e6 1-0